Juventus Squad 24/25 - Statistics

General Stats
  • This quiz has been taken 134 times
    113 since last reset
  • The average score is 20 of 26
Answer Stats
# Nation Former Club Answer % Correct
9 Serbia Fiorentina Dusan Vlahovic
98%
8 Netherlands Atalanta Teun Koopmeiners
97%
16 USA Schalke Weston McKennie
96%
3 Brazil Torino Bremer
95%
10 Turkey Youth Kenan Yildiz
95%
14 Poland Napoli Arkadiusz Milik
90%
7 Portugal FC Porto Francisco Conceicao
89%
6 Brazil Man City Danilo
86%
1 Italy Genoa Mattia Perin
86%
22 USA Lille Timothy Weah
86%
20 Serbia Frankfurt Filip Kostic
85%
4 Italy Frosinone Federico Gatti
84%
19 France Nice Khephrem Thuram
83%
11 Argentina Fiorentina Nicolas Gonzalez
83%
15 France Milan Pierre Kalulu
83%
26 Brazil Aston Villa Douglas Luiz
82%
29 Italy Monza Michele Di Gregorio
82%
18 Brazil Barcelona Arthur
76%
5 Italy Sassuolo Manuel Locatelli
76%
27 Italy Genoa Andrea Cambiaso
70%
21 Italy Youth Nicolo Fagioli
63%
32 Colombia Hellas Verona Juan Cabal
61%
51 Belgium Youth Samuel Mbangula
54%
37 Italy Youth Nicolo Savona
47%
33 Portugal Lille Tiago Djalo
45%
23 Italy Vicenza Carlo Pinsoglio
35%
No matching quizzes found
Score Distribution
Percent of People with Each Score
Percentile by Number Answered
Your Score History
You have not taken this quiz since the last reset